Filosofie výchovy /

Hlavní autor: Kopecký, Martin, 1977-
Korporativní autor: Univerzita Karlova. Katedra andragogiky a personálního řízení
Jazyk: Čeština
Vydáno: Praha : Mowshe pro Katedru andragogiky a personálního řízení Filozofické fakulty Univerzity Karlovy v Praze, 2007
Vydání: Vyd. 1.
Edice: Edice celoživotního vzdělávání ; sv. 20
Témata:
Fyzický popis: 85 s. ; 23 cm
Knihy
Uloženo v:
LEADER 01792nam a2200409 a 4500
001 nkc20071711630
003 CZ PrNK
005 20230417102528.0
007 ta
008 070307s2007 xr e p 000 0 cze
015 |a cnb001711630 
020 |a 978-80-239-9001-0  |q (brož.) 
035 |a (OCoLC)189425384 
040 |a BOA001  |b cze  |d ABA001 
072 7 |a 37  |x Výchova a vzdělávání  |2 Konspekt  |9 22 
072 7 |a 37.016  |x Učební osnovy. Vyučovací předměty. Učebnice  |2 Konspekt  |9 22 
080 |a 37.013.73  |2 MRF 
080 |a (075.8)  |2 MRF 
100 1 |a Kopecký, Martin,  |d 1977-  |7 mzk2004261238  |4 aut 
245 1 0 |a Filosofie výchovy /  |c Martin Kopecký 
250 |a Vyd. 1. 
260 |a Praha :  |b Mowshe pro Katedru andragogiky a personálního řízení Filozofické fakulty Univerzity Karlovy v Praze,  |c 2007 
300 |a 85 s. ;  |c 23 cm 
490 1 |a Edice celoživotního vzdělávání ;  |v sv. 20 
504 |a Obsahuje bibliografie a bibliografické odkazy 
521 8 |a Určeno pro účastníky specializačního distančního studia oboru Andragogika a personální řízení pořádaného v rámci programu celoživotního vzdělávání ... 
650 0 7 |a filozofie výchovy  |7 ph120230  |2 czenas 
650 0 9 |a philosophy of education  |2 eczenas 
655 7 |a učebnice vysokých škol  |7 fd133772  |2 czenas 
655 9 |a textbooks (higher)  |2 eczenas 
710 2 |a Univerzita Karlova.  |b Katedra andragogiky a personálního řízení  |7 kn20030514003 
810 2 |a Univerzita Karlova.  |b Katedra andragogiky a personálního řízení.  |t Edice celoživotního vzdělávání  |0 s 
910 2 |a BOA001  |b 2-1187.749 
990 |a BK 
995 |a 01 
991 |b 200706  |c NOV 
996 6 |b 2610313018  |c 2-1187.749  |l MZK  |r Sklad / do 1 hodiny  |n 35  |p p.v.  |w 000853466  |u 000010  |a 1  |e BOA001  |j MZK50  |s P